[Event "IND-ch U11"]
[Site "Odisha"]
[Date "2014.07.26"]
[Round "4"]
[White "Koustav, Chatterjee"]
[Black "Baibhab, Singh"]
[Result "1-0"]
[WhiteElo "1881"]
[BlackElo "1507"]
[PlyCount "93"]
[EventDate "2014.07.24"]
[EventType "swiss"]
[EventRounds "11"]
[EventCountry "IND"]
[SourceTitle "CBM 161 Extra"]
[Source "ChessBase"]
[SourceDate "2014.08.29"]
[SourceVersion "1"]
[SourceVersionDate "2014.08.29"]
[SourceQuality "1"]

1. c4 Nf6 2. Nc3 g6 3. g3 Bg7 4. Bg2 0-0 5. Nf3 c6 6. 0-0 d5 7. cxd5 cxd5 8. d4 e6 9. Bf4 a6 10. Qd2 Nc6 11. Rfd1 b5 12. Rac1 Bb7 13. Ne5 Rc8 14. a3 Nh5 15. Nxc6 Bxc6 16. Bh6 f5 17. Bxg7 Kxg7 18. Na2 Bb7 19. Nb4 Qd6 20. Nd3 Nf6 21. Nc5 Rc7 22. Nxe6+ Qxe6 23. Rxc7+ Rf7 24. Rdc1 Qd6 25. Qf4 Qxf4 26. gxf4 Ne4 27. Rxf7+ Kxf7 28. Rc7+ Ke6 29. Bxe4 dxe4 30. Rxb7 Kd5 31. e3 Kc4 32. Rxh7 b4 33. axb4 Kb3 34. Rh6 Kxb2 35. Rxg6 Kb3 36. Rxa6 Kxb4 37. h4 Kb5 38. Rf6 Kc4 39. h5 Kd3 40. h6 Ke2 41. h7 Kd3 42. Kf1 Kc4 43. h8Q Kc3 44. Rc6+ Kd2 45. Qa8 Kd1 46. Qa4+ Kd2 47. Qc2# 1-0